| 000 | 00000nam##2200000za#4500 |
| 001 | 9.618070 |
| 003 | CaOODSP |
| 005 | 20210615102608 |
| 007 | ta |
| 008 | 150406|2006||||xxc||||| f|0| 0 eng|d |
| 040 | |aCaOODSP|beng |
| 043 | |an-cn--- |
| 086 | 1 |aNH18-22/106-104E |
| 110 | 2 |aCanada Mortgage and Housing Corporation. |
| 245 | 10|aHousehold environmental monitoring : |ba strategy to help homeowners reduce their environmental impact |
| 260 | |bCanada Mortgage and Housing Corporation |cMarch 2006. |
| 300 | |a5p. : |bgraphs, table ; |c28 cm. |
| 490 | 1 |aResearch highlight. Technical series|v06-104 |
| 520 | 3 |aThese technical papers summarize a wide range of housing-related studies, reports, and manuals. They examine issues as diverse as low-maintenance northern landscaping; policy options for achieving healthy indoor air quality; and various aspects of building performance, including high-rise building envelope performance, performance of various building materials, and evaluations of district heating systems. |
| 563 | |aPamphlet |
| 590 | |a06-48|b2006-12-01 |
| 690 | 07|aEnvironmental management|2gcpds |
| 690 | 07|aHousing|2gcpds |
| 775 | 08|tSuivi environnemental des ménages : |w(CaOODSP)9.627340 |
| 830 | #0|aResearch highlight. Technical series ;|v06-104|w(CaOODSP)9.514826 |